LEADER 00942nam a2200229 i 4500 001 000000179588 003 CaOOAMICUS 005 20211025105846.0 008 090518s2008 it u000 u ita u 013 $a157166 040 $aSeMil$bita 100 1 $aPadova, Giancarlo.$0(OLS)http://semarc/name/66570 245 10$aPadre Francesco Pianzola :$bprete in Lomellina /$cDon Giancarlo Padova. 264 1$aVigevano :$bE.O.R. Buona Stampa,$c2008. 300 $a111 p. :$briccamente ill. ;$c24 cm. 600 14$aPianzola, Francesco .$0(OLS)http://semarc/subject/16001 850 $aSeMil 852 $aSeMil$W1$xVenegono$y1$m3G V 159$j130350$B130350$CSeMilBibl$Z2$F142505 $81 961 $aOmaggio: Delpini mons. Mario 996 $6245$aPadre Francesco Pianzola :$bprete in Lomellina$9(OLS)http://semarc/title/257866 996 $6264$aVigevano :$bE.O.R. Buona Stampa$9(OLS)http://semarc/publisher/49538 LEADER 01139nam a2200241 i 4500 001 000000187021 003 CaOOAMICUS 005 20100309000000.0 008 100309s1983 it u000 u ita u 013 $a165078 040 $aSeMil$bita 100 1 $aDi Nola, Alfonso Maria <1926-1997>.$0(OLS)http://semarc/name/6286 245 12$aL'arco di rovo :$bimpotenza e aggressivita in due rituali del sud /$cAlfonso M. Di Nola. 260 $aTorino :$bBoringhieri,$c1983. 300 $a195 p., [12] p. di tav. :$bill. ;$c21 cm. 490 0 $aTesti di scienze umane. Serie di antropologia 650 4$aRiti - Italia meridionale.$0(OLS)http://semarc/subject/35255 650 4$aCultura popolare - Italia meridionale.$0(OLS)http://semarc/subject/35256 830 0$aTesti di scienze umane. Serie di antropologia.$0(OLS)http://semarc/title/30921 850 $aSeMil 852 $aSeMil$W1$xVenegono$y1$m2X II 317$j137708$B137708$CSeMilBibl$Z2$F149218 $81 996 $6245$aL'arco di rovo :$bimpotenza e aggressivita in due rituali del sud$9(OLS)http://semarc/title/269003 996 $6260$aTorino :$bBoringhieri$9(OLS)http://semarc/publisher/30229